Poškodenie lesných drevín plošným bleskom

Bibliographic Details
Main Author: Jamnický, Július, 1924- (Author)
Format: Article
Language:Slovak

MARC

LEADER 00000nab a2200000ua 4500
001 vtls010770090
003 SK-MaSNL
005 20260303102606.0
008 230121s1978 xo |||||||||||||||||slo|
035 |a (urnnbn)urn:nbn:sk:snk:ar-0059q7 
035 |a (uuid)61ef1281-42a7-4da7-ad61-204c57a7b583 
035 |a urn:nbn:sk:snk-ab4yb9 
040 |a SNKBUCL  |b slo  |c SNKBUCL  |e AACR2 
041 0 |a slo 
044 |a xo  |c SK 
100 1 |a Jamnický, Július,  |d 1924-  |4 aut  |9 104900 
245 1 0 |a Poškodenie lesných drevín plošným bleskom  |c Július Jamnický 
773 0 |t Lesnícky časopis : vedecký štvrťročník pre všetky oblasti lesníckeho výskumu  |g Roč. 24, č. 4 (1978), s. 299-314 
954 |a odborná, vedecká literatúra pôvodná (slovenská)  |2 lita 
958 |a OND 
958 |a EUIPO 
958 |a article3 
999 |c 1843458  |d 1845388